000 00572nam a2200229Ia 4500
003 OSt
005 20220912144329.0
006 a|||||r|||| 00| 0
007 ta
008 220909b |||||||| |||| 00| 0 eng d
020 _aSL01288202
024 _a195170
037 _cTextual
040 _aCSL
_beng
_cCSL
041 _aeng
082 _aB28g30bD:4, M7;N6;3
100 _aLewis EE
245 0 _aIntroduction to rreliability engineering
700 _aLewis EE
942 _hB28g30bD:4, M7;N6;3
_cTEXL
_2CC
999 _c5097
_d5097